Recent Advances in Broadband Dielectric Spectroscopy (رقم التسجيلة. 33123)

تفاصيل مارك
000 -الفاتح
حقل البيانات ثابتة الطول 01222cam a22003252 b4500
001 - رقم الضبط
رقم الضبط 10192311
003 - محدد رقم الضبط
رقم الضبط OSt
005 - وقت وتاريخ اخر تعامل مع التسجيلة
رقم الضبط 20150408114203.0
006 - عناصر البيانات ثابتة الطول - خصائص المادة الاضافية-معلومات عامة
حقل البيانات ثابتة الطول m d
007 - الحقل الثابت للوصف المادى- معلومات عامة
حقل البيانات ثابتة الطول cr n
008 - عناصر البيانات ثابتة الطول - معلومات عامة
حقل البيانات ثابتة الطول 120531e20121017njua s|||||||| 2|eng|d
020 ## - الرقم الدولى المعيارى للكتب
الرقم الدولى المعيارى للكتاب 9789400750111
020 ## - الرقم الدولى المعيارى للكتب
الرقم الدولى المعيارى للكتاب 9789400750142
024 3# - معرف معيارى اخر
الرقم او الرمز المعيارى 9789400750111
035 ## - رقم ضبط النظام
رقم ضبط النظام (WaSeSS)ssj0000800212
037 ## - مصدر التزويد
رقم المخزون 9400750110
مصدر رقم المخزون/ التزويد 00024965
040 ## - مصدر الفهرسة
وكالة الفهرسة الأصلية BIP US
وكالة التعديل WaSeSS
082 00 - رقم تصنيف ديوى العشرى
رقم التصنيف 535.84
رقم الطبعة 23
رقم المادة KYR
100 1# - المدخل الرئيسى - إسم شخصى
الإسم الشخصى Kalmykov, Yuri P.
الدور Editor
رمز الرابط edt
9 (RLIN) 42027
210 10 - العنوان المختصر
العنوان المختصر Recent Advances in Broadband Dielectric Spectroscopy
245 10 - بيان العنوان
العنوان Recent Advances in Broadband Dielectric Spectroscopy
الوسيط [electronic resource]
260 ## - PUBLICATION, DISTRIBUTION, ETC. (IMPRINT)
مكان الناشر او الموزع New York :
اسم الناشر او الموزع Springer
تاريخ النشر أو التوزيع Oct. 2012
440 #0 - بيان السلسلة/مدخل إضافى-العنوان
العنوان NATO Science for Peace and Security Series B: Physics and Biophysics Ser.
9 (RLIN) 18294
506 ## - تبصرة قيود الاتاحة
قيود الإتاحة License restrictions may limit access.
521 ## - تبصرة الجمهور المستهدف
تبصرة الجمهور المستهدف Scholarly & Professional
المصدر Springer
773 #0 - مدخل المادة المضيفة
العنوان SpringerLink ebooks - Physics and Astronomy (2013)
856 40 - الوصول و الموقع الالكترونى
معرف المصدر الموحد <a href="http://www.columbia.edu/cgi-bin/cul/resolve?clio10192311">http://www.columbia.edu/cgi-bin/cul/resolve?clio10192311</a>
تبصرة عامة Full text available from SpringerLink ebooks - Physics and Astronomy (2013)
910 ## - بيانات اختيارية للمستخدم
User-option data Bowker Global Books in Print record
942 ## - عناصر المدخل الإضافي( كوها)
مصدر التصنيف او مخطط الترفيف Dewey Decimal Classification
Koha [default] item type DVD
المقتنيات
حالة الفقد نموذج السعر الفعال حالة تلف ليس للاعارة رقم الطلب تاريخ الاكتساب الموقع الحالي الفرع الرئيسي Date last seen نوع المادة فى نظام كوها مصدر التصنيف او خطة الترفيف Total Checkouts
  2014-01-11     535.84 KYR 2014-01-11 المكتبة المركزية بالمجمعة (CL) المكتبة المركزية بالمجمعة (CL) 2014-01-11 كتاب Dewey Decimal Classification